[Event "OP-2011-0-01495"]
[Site "LSS email"]
[Date "2011.04.20"]
[Round "?"]
[White "Laureles Whittington, Selwyn"]
[Black "Venturas, Bob"]
[Result "0-1"]
[WhiteElo "800"]
[BlackElo "646"]
[PlyCount "36"]
[EventDate "2011.04.16"]
[EventType "tourn (corr)"]
[EventRounds "4"]
[EventCountry "GER"]
[SourceTitle "Telechess CBM 147"]
[Source "ChessBase"]
[SourceDate "2012.03.16"]
[SourceVersion "1"]
[SourceVersionDate "2012.03.16"]
[SourceQuality "1"]

1. d4 d5 2. Nc3 Nc6 3. Bf4 a6 4. e3 Nf6 5. Qd3 Nb4 6. Qf5 Bxf5 7. 0-0-0 Bxc2 8. Kd2 Bxd1 9. Nxd1 Nxa2 10. Bd3 e6 11. f3 Bb4+ 12. Ke2 c5 13. dxc5 Rc8 14. Bd6 Bxc5 15. Nc3 Nxc3+ 16. bxc3 Qxd6 17. e4 Bxg1 18. Rxg1 Qxh2 0-1